00685nam a2200193Ia 4500008004100000082001700041100002000058245006400078250000800142260003100150300001300181500002400194650001500218700002200233942000700255952010600262952010600368999001700474230524s9999 xx 000 0 und d a650.014bCHO aNimit Chowdhary 0aMarketing of Services (Textbook of ): The Indian Experience aIST aNEW DELHIbMacmillanc2009 aXIII;437 aQuantity Number: 2 aManagement a Monika Chowdhary cBK 00104070aTATCLbTATCLcGENd2023-05-24l0o650.014 CHOp37873r2023-05-24w2023-05-24yBKzMBA305A 00104070aTATCLbTATCLcGENd2023-05-24l0o650.014 CHOp37874r2023-05-24w2023-05-24yBKzMBA305A c46810d46810